000 00939nam a2200265Ia 4500
003 OSt
005 20220923211359.0
006 a|||||r|||| 00| 0
007 ta
008 220922b |||||||| |||| 00| 0 hin d
020 _a9788188939275 (hbk)
_c300
024 _a238,211
037 _b452, 21/03/2009, Vani Prakashan
_cTextual
040 _aARTS
_cARTS
_bhin
041 _2hin
_ahin
082 _aO152,1N247:g, P8
100 _aमिश्र, सविता
_9156290
245 0 _aरामदरश मिश्र
_b सृजन संवाद
246 _aRāmadarash mishra: sṛujan sanvāda
260 _aदिल्ली
_b बिमला बुक्स
_c2008
300 _a187पृ.
_ccm.
650 _aहिन्दी साहित्य
_9156264
942 _hO152,1N247:g, P8
_cTEXL
_2CC
999 _c298954
_d298954